000 00929cam a2200241 4500
001 ABS68380
008 041014n2004 000 0 eng u
035 _a(Sirsi) u127695
100 _aFox, A.
245 _aBeware all conveyancers!
260 _c2004
490 _aJournal of the Law Society of Scotland
_v49(9) September 2004, 52(1)
520 _aWarns conveyancers that the community right to buy under the Land Reform (Scotland) Act 2003 will affect all communities not just rural communities. The Act does not limit what communities are able to register an interest in land which is not excluded by the Act. Outlines the scope of the right to buy.
590 _aABS
590 _aABS
650 _aLAND REFORM (SCOTLAND) ACT 2003
650 _aCOMMUNITIES
650 _aINTERESTS IN LAND
650 _aRIGHT TO BUY
650 _aLAND REFORM
690 _aPROPERTY AND LAND LAW-CONVEYANCING
942 _n0
999 _c118156
_d118156